<?xml version="1.0" encoding="UTF-8"?><?xml-stylesheet type="text/xsl" href="static/style.xsl"?><OAI-PMH xmlns="http://www.openarchives.org/OAI/2.0/" xmlns:xsi="http://www.w3.org/2001/XMLSchema-instance" xsi:schemaLocation="http://www.openarchives.org/OAI/2.0/ http://www.openarchives.org/OAI/2.0/OAI-PMH.xsd"><responseDate>2026-04-17T05:42:38Z</responseDate><request verb="GetRecord" identifier="oai:www.recercat.cat:11351/11458" metadataPrefix="marc">https://recercat.cat/oai/request</request><GetRecord><record><header><identifier>oai:recercat.cat:11351/11458</identifier><datestamp>2025-10-24T10:44:07Z</datestamp><setSpec>com_2072_378070</setSpec><setSpec>com_2072_378040</setSpec><setSpec>col_2072_378092</setSpec></header><metadata><record xmlns="http://www.loc.gov/MARC21/slim" xmlns:dcterms="http://purl.org/dc/terms/" xmlns:xsi="http://www.w3.org/2001/XMLSchema-instance" xmlns:doc="http://www.lyncode.com/xoai" xsi:schemaLocation="http://www.loc.gov/MARC21/slim http://www.loc.gov/standards/marcxml/schema/MARC21slim.xsd">
   <leader>00925njm 22002777a 4500</leader>
   <datafield ind2=" " ind1=" " tag="042">
      <subfield code="a">dc</subfield>
   </datafield>
   <datafield ind2=" " ind1=" " tag="720">
      <subfield code="a">Rodríguez-Rodríguez, Rosa</subfield>
      <subfield code="e">author</subfield>
   </datafield>
   <datafield ind2=" " ind1=" " tag="720">
      <subfield code="a">Hornum, Mads</subfield>
      <subfield code="e">author</subfield>
   </datafield>
   <datafield ind2=" " ind1=" " tag="720">
      <subfield code="a">Rodríguez-Rodríguez, Ana Elena</subfield>
      <subfield code="e">author</subfield>
   </datafield>
   <datafield ind2=" " ind1=" " tag="720">
      <subfield code="a">Bevc, Sebastjan</subfield>
      <subfield code="e">author</subfield>
   </datafield>
   <datafield ind2=" " ind1=" " tag="720">
      <subfield code="a">Trevisani, Francesco</subfield>
      <subfield code="e">author</subfield>
   </datafield>
   <datafield ind2=" " ind1=" " tag="720">
      <subfield code="a">Fernández-Juárez, Gema</subfield>
      <subfield code="e">author</subfield>
   </datafield>
   <datafield ind2=" " ind1=" " tag="720">
      <subfield code="a">Moreso, Francesc</subfield>
      <subfield code="e">author</subfield>
   </datafield>
   <datafield ind2=" " ind1=" " tag="260">
      <subfield code="c">2024-05-15T06:56:16Z</subfield>
   </datafield>
   <datafield ind2=" " ind1=" " tag="260">
      <subfield code="c">2024-05-15T06:56:16Z</subfield>
   </datafield>
   <datafield ind2=" " ind1=" " tag="260">
      <subfield code="c">2024-02-22</subfield>
   </datafield>
   <datafield ind2=" " ind1=" " tag="520">
      <subfield code="a">Diabetic nephropathy; Metabolic syndrome; Vascular disease</subfield>
   </datafield>
   <datafield ind2=" " ind1=" " tag="520">
      <subfield code="a">Nefropatía diabética; Síndrome metabólico; Enfermedad vascular</subfield>
   </datafield>
   <datafield ind2=" " ind1=" " tag="520">
      <subfield code="a">Nefropatia diabètica; Síndrome metabòlica; Malaltia vascular</subfield>
   </datafield>
   <datafield ind2=" " ind1=" " tag="520">
      <subfield code="a">Introduction&#xd;
The pathogenesis of renal disease in obesity and metabolic syndrome (MS) is mostly unknown. This is in part because of the limited information about renal morphological changes in these conditions. We evaluated renal histology in subjects with MS and those without MS, who are participants in the European Nephrectomy Biobank (ENBiBA) project.&#xd;
Methods&#xd;
MS was defined with at least 3 of the following criteria: (i) body mass index (BMI) ≥27 kg/m2; (ii) prediabetes: fasting glucose of 100–125 mg/dl or HbA1c >5.7%; (iii) systolic or diastolic blood pressure >140/90 mm Hg or the use of medications; and (iv) triglycerides >150 mg/dl or high-density lipoprotein cholesterol &lt;40 (in men) or 50 mg/dl (in women). The absence of these criteria defined patients without MS. Exclusion criteria were diabetes or known causes of renal disease.&#xd;
Results&#xd;
A total of 157 cases were evaluated: 49 without and 108 with MS. Those with MS were older (54 ± 16 vs. 66 ± 11, P &lt; 0.0001), had more prevalent chronic kidney disease (CKD, estimated glomerular filtration rate [eGFR] &lt;60 ml/min): 24% (23%) versus 4% (8%) (P = 0.02), and had higher albumin-to-creatinine ratio (10 [4–68] vs. 4.45 [0–27], P = 0.05) than those without MS. Global sclerosis (3% [1–7] vs. 7% [3–13], P &lt; 0.0001), nodular sclerosis, mesangial expansion, glomerulomegaly; moderate + severe hyalinosis, and arteriosclerosis were more frequent in those with MS than in those without (88 [82] vs. 29 [59]; 83 [77] vs. 30 [61]; P &lt; 0.05). These vascular changes were independent of differences in age.&#xd;
Conclusion&#xd;
In MS, ischemic renal disease may play a role in renal disease. In addition, some patients may develop lesions compatible with diabetic nephropathy such as increased mesangial expansion and nodular sclerosis. Further analyses are needed to study the consequences of the pandemic of obesity on renal health.</subfield>
   </datafield>
   <datafield ind1="8" ind2=" " tag="024">
      <subfield code="a">http://hdl.handle.net/11351/11458</subfield>
   </datafield>
   <datafield tag="653" ind2=" " ind1=" ">
      <subfield code="a">Obesitat</subfield>
   </datafield>
   <datafield tag="653" ind2=" " ind1=" ">
      <subfield code="a">Ronyons - Malalties - Fisiologia patològica</subfield>
   </datafield>
   <datafield tag="653" ind2=" " ind1=" ">
      <subfield code="a">Síndrome metabòlica</subfield>
   </datafield>
   <datafield tag="653" ind2=" " ind1=" ">
      <subfield code="a">DISEASES::Nutritional and Metabolic Diseases::Metabolic Diseases::Nutritional and Metabolic Diseases::Metabolic Diseases::Metabolic Syndrome</subfield>
   </datafield>
   <datafield tag="653" ind2=" " ind1=" ">
      <subfield code="a">DISEASES::Male Urogenital Diseases::Urologic Diseases::Kidney Diseases</subfield>
   </datafield>
   <datafield tag="653" ind2=" " ind1=" ">
      <subfield code="a">DISEASES::Nutritional and Metabolic Diseases::Nutrition Disorders::Overnutrition::Obesity</subfield>
   </datafield>
   <datafield tag="653" ind2=" " ind1=" ">
      <subfield code="a">ENFERMEDADES::enfermedades nutricionales y metabólicas::enfermedades metabólicas::enfermedades nutricionales y metabólicas::enfermedades metabólicas::síndrome metabólico</subfield>
   </datafield>
   <datafield tag="653" ind2=" " ind1=" ">
      <subfield code="a">ENFERMEDADES::enfermedades urogenitales masculinas::enfermedades urológicas::enfermedades renales</subfield>
   </datafield>
   <datafield tag="653" ind2=" " ind1=" ">
      <subfield code="a">ENFERMEDADES::enfermedades nutricionales y metabólicas::trastornos nutricionales::hipernutrición::obesidad</subfield>
   </datafield>
   <datafield ind2="0" ind1="0" tag="245">
      <subfield code="a">Renal Disease in Metabolic Syndrome: the Hidden Role of Intrarenal Ischemia</subfield>
   </datafield>
</record></metadata></record></GetRecord></OAI-PMH>